| 000 | 02467nam0a2200421 4500 | ||
|---|---|---|---|
| 001 | RU\NLR\BIBL_A\011871771 | ||
| 005 | 20250626142827.0 | ||
| 020 |
_aRU _b18623 _9Сводный каталог листовок первых лет Советской власти (25 октября (7 ноября) 1917 - 1925) Т.6. Листовки органов военного управления отдельных воинских соединений и частей военных организаций и учреждений |
||
| 035 | _a(NLR Aleph) 011871771 | ||
| 090 |
_a12209141 _c12209141 |
||
| 100 | _a20181128j19200613|||y0rusy50 ca | ||
| 101 | 0 | _arus | |
| 102 | _aRU | ||
| 105 | _ay z 000zy | ||
| 135 | _acrcn 024anaba | ||
| 200 | 1 |
_aПриказ № 6 Коменданта города Сочи, 13 июня 1920 г. "§ 1. Все чаще и чаще приходится выслушивать жалобы..." _e[листовка] |
|
| 210 |
_aСочи _cСов. тип. _d1920, июнь, 13 |
||
| 215 |
_a1 с. _d25х15 |
||
| 300 | _aПодпись: Комгора А. Потарин | ||
| 325 | _aКопия доступна в Электрон. б-ке РНБ | ||
| 327 | 1 | _aО создании отдельных пляжей для женщин и мужчин и определении места купания животных | |
| 517 | 1 | _aВсе чаще и чаще приходится выслушивать жалобы... | |
| 540 | 1 | _aО создании отдельных пляжей для женщин и мужчин и определении места купания животных | |
| 607 |
_aРСФСР _jЛистовки _xПолитика и управление _y1917 - 1925 _92312782 _3RU\NLR\auth\6601609564 |
||
| 686 | 0 | _aТ3(2)71-313,011 | |
| 686 | 0 | _aЦ35(2)712,011 | |
| 702 | 1 |
_4720 _7ca _8rus _aПотарин _bА. _cучастник установления советской власти, воен. деятель, г. Сочи _9208047 _3RU\NLR\AUTH\770208100 |
|
| 711 | 0 | 1 |
_aСочи _bКомендант _9628695 _3RU\NLR\AUTH\880484140 |
| 852 | 0 | 0 |
_aNLR _bФЛ _j68/132 |
| 942 | _cBOOK | ||
| 980 | _aNB | ||
| 981 | 2 | 1 |
_a(21) Листовки _b(21) Листовки 1920 года |